Những quan niệm, những thế giới nghệ thuật văn chương

Nhận diện, đánh giá sâu về mặt lý luận của một số hiện tượng, tác giả văn chương tiêu biểu như Tự lực văn đoàn, phong trào thơ mới 1932 - 1945, Phạm Quỳnh, Thạch Lam, Nam Cao... và giới thiệu các bài viết phân tích đặc điểm cốt lõi về...

全面介绍

Đã lưu trong:
书目详细资料
主要作者: Lê, Quang Hưng
格式: 图书
语言:Undetermined
出版: Hà Nội Đại học Quốc gia Hà Nội 2018
主题:
标签: 添加标签
没有标签, 成为第一个标记此记录!
Thư viện lưu trữ: Trung tâm Học liệu Trường Đại học Cần Thơ
LEADER 01242nam a2200205Ia 4500
001 CTU_233328
008 210402s9999 xx 000 0 und d
082 |a 895.92209 
082 |b H556 
100 |a Lê, Quang Hưng 
245 0 |a Những quan niệm, những thế giới nghệ thuật văn chương 
245 0 |c Lê Quang Hưng 
260 |a Hà Nội 
260 |b Đại học Quốc gia Hà Nội 
260 |c 2018 
520 |a Nhận diện, đánh giá sâu về mặt lý luận của một số hiện tượng, tác giả văn chương tiêu biểu như Tự lực văn đoàn, phong trào thơ mới 1932 - 1945, Phạm Quỳnh, Thạch Lam, Nam Cao... và giới thiệu các bài viết phân tích đặc điểm cốt lõi về tư tưởng, về phong cách toát lên từ thế giới nghệ thuật phong phú của các nhà văn, nhà thơ lớn trong lịch sử nước nhà. 
650 |a Văn học Việt Nam,Vietnamese literature 
650 |x Lịch sử và phê bình,History and criticism 
910 |b dqhieu 
980 |a Trung tâm Học liệu Trường Đại học Cần Thơ